Land-Use Modelling in Planning Practice / (Record no. 616711)
[ view plain ]
| 000 -LEADER | |
|---|---|
| fixed length control field | 00542nam a22001697a 4500 |
| 003 - CONTROL NUMBER IDENTIFIER | |
| control field | NUST |
| 005 - DATE AND TIME OF LATEST TRANSACTION | |
| control field | 20260325154946.0 |
| 008 - FIXED-LENGTH DATA ELEMENTS--GENERAL INFORMATION | |
| fixed length control field | 260325b ||||| |||| 00| 0 eng d |
| 020 ## - INTERNATIONAL STANDARD BOOK NUMBER | |
| International Standard Book Number | 978-9400718227 |
| 082 ## - DEWEY DECIMAL CLASSIFICATION NUMBER | |
| Classification number | 333.73 |
| Author Mark | ERI |
| 100 ## - MAIN ENTRY--PERSONAL NAME | |
| Personal name | Eric Koomen, Judith Borsboom-van Beurden. |
| 9 (RLIN) | 133753 |
| 245 ## - TITLE STATEMENT | |
| Title | Land-Use Modelling in Planning Practice / |
| Remainder of title | GeoJournal Library Book 101 / |
| Statement of responsibility, etc. | Eric Koomen, Judith Borsboom-van Beurden. |
| 260 ## - PUBLICATION, DISTRIBUTION, ETC. | |
| Place of publication, distribution, etc. | London: |
| Name of publisher, distributor, etc. | Springer, |
| Date of publication, distribution, etc. | 2011. |
| 300 ## - PHYSICAL DESCRIPTION | |
| Extent | 214 p ; |
| Dimensions | 29.5 cm |
| 563 ## - BINDING INFORMATION | |
| Binding note | Hardcover |
| 942 ## - ADDED ENTRY ELEMENTS (KOHA) | |
| Source of classification or shelving scheme | |
| Koha item type | Book |
| Withdrawn status | Lost status | Source of classification or shelving scheme | Damaged status | Not for loan | Permanent Location | Current Location | Date acquired | Total Checkouts | Full call number | Barcode | Date last seen | Price effective from | Koha item type |
|---|---|---|---|---|---|---|---|---|---|---|---|---|---|
| Institute of Geographical Information Systems (IGIS) | Institute of Geographical Information Systems (IGIS) | 03/25/2026 | 333.73 ERI | IGIS-980 | 03/25/2026 | 03/25/2026 | Book | ||||||
| Institute of Geographical Information Systems (IGIS) | Institute of Geographical Information Systems (IGIS) | 03/25/2026 | 333.73 ERI | IGIS-981 | 03/25/2026 | 03/25/2026 | Book |
